00822 a2200205 4500010001400000020002400014035001300038037001600051082001100067090001700078100001600095245016900111260004500280270005400325300003800379500002000417942002600437999001700463952013600480 aENG-89394 a81820334045c595.00 aEN-72927 bDBAD / PUB14a005.43 c10845d10845 aDesai, Anil1 aMCITP self-paced training kit (exam 70-623):cby Anil Desaibsupporting and troubleshooting applications on a Windows Vista client for consumer support technicians/ aNew DelhibPrentice Hall of Indiac2008 aM-97, Connaught CircusbNew DelhicDelhie110001 axxv, 651p.c24 cm ( Pbk.)eCD-ROM aIncludes Index adplcENk005.43 / DES c10545d10545 00102ddc40718NFICaDBADbDBADeDBAD/PUBg595.00l0o005.43 DESpEN-72927r2008-09-15 00:00:00t1u11615v595.00w2008-09-15yEN